Statistics for All PFA Player's Player of the Year Award Winners

Click here to take the quiz!

General Stats

  • This quiz has been taken 81 times
  • The average score is 32 of 49

Answer Stats

SeasonPlayerClubNationality% Correct
2006/07Cristiano RonaldoManchester UnitedPortuguese
99%
2007/08Cristiano RonaldoManchester UnitedPortuguese
99%
2014/15Eden HazardChelseaBelgian
99%
2020/21Kevin De BruyneManchester CityBelgian
99%
2019/20Kevin De BruyneManchester CityBelgian
99%
2021/22Mohamed SalahLiverpoolEgyptian
99%
2017/18Mohamed SalahLiverpoolEgyptian
99%
2008/09Ryan GiggsManchester UnitedWelsh
99%
2002/03Thierry HenryArsenalFrench
99%
2003/04Thierry HenryArsenalFrench
99%
2012/13Gareth BaleTottenham HotspurWelsh
97%
2010/11Gareth BaleTottenham HotspurWelsh
97%
2013/14Luis SuárezLiverpoolUruguayan
97%
2015/16Riyad MahrezLeicester CityAlgerian
97%
2011/12Robin van PersieArsenalDutch
96%
2018/19Virgil van DijkLiverpoolDutch
96%
2016/17N'Golo KantéChelseaFrench
95%
2009/10Wayne RooneyManchester UnitedEnglish
95%
1996/97Alan ShearerNewcastle UnitedEnglish
93%
1994/95Alan ShearerBlackburn RoversEnglish
93%
2004/05John TerryChelseaEnglish
93%
2005/06Steven GerrardLiverpoolEnglish
93%
1999/00Roy KeaneManchester UnitedIrish
92%
1997/98Dennis BergkampArsenalDutch
90%
2001/02Ruud van NistelrooyManchester UnitedDutch
89%
1993/94Eric CantonaManchester UnitedFrench
86%
1983/84Ian RushLiverpoolWelsh
77%
2000/01Teddy SheringhamManchester UnitedEnglish
68%
1982/83Kenny DalglishLiverpoolScottish
64%
1995/96Les FerdinandNewcastle UnitedEnglish
59%
1988/89Mark HughesManchester UnitedWelsh
55%
1990/91Mark HughesManchester UnitedWelsh
55%
1998/99David GinolaTottenham HotspurFrench
53%
1985/86Gary LinekerEvertonEnglish
44%
1981/82Kevin KeeganSouthamptonEnglish
37%
1991/92Gary PallisterManchester UnitedEnglish
33%
1987/88John BarnesLiverpoolEnglish
32%
1975/76Pat JenningsTottenham HotspurNorthern Irish
19%
1992/93Paul McGrathAston VillaEnglish
19%
1977/78Peter ShiltonNottingham ForestEnglish
19%
1980/81John WarkIpswich TownScottish
16%
1978/79Liam BradyArsenalIrish
16%
1976/77Andy GrayAston VillaScottish
14%
1986/87Clive AllenTottenham HotspurEnglish
12%
1974/75Colin ToddDerby CountyEnglish
12%
1989/90David PlattAston VillaEnglish
12%
1973/74Norman HunterLeeds UnitedEnglish
11%
1984/85Peter ReidEvertonEnglish
11%
1979/80Terry McDermottLiverpoolEnglish
11%

Score Distribution

Percentile by Number Answered

Percent of People with Each Score

Your Score History

You have not taken this quiz